[Event "15th Lazio Festival 2022"]
[Site "Rome"]
[Date "2022.01.04"]
[Round "4.1"]
[White "Aghayev, Miragha"]
[Black "Maione, Melissa"]
[Result "1-0"]
[WhiteElo "2393"]
[BlackElo "1866"]
[Annotator "TA"]
[PlyCount "49"]
[EventDate "2022.01.02"]
[EventType "swiss"]
[EventCountry "ITA"]
[SourceTitle "playchess.com"]
[Source "ChessBase"]
[SourceQuality "1"]

{[%evp 11,49,34,39,46,110,91,252,247,283,254,402,410,427,420,473,470,506,489,784,782,797,765,780,780,785,785,772,781,781,777,859,626,606,625,609,600,646,656,651,645]} 1. d4 Nf6 2. c4 c5 3. Nf3 {[%cal Bg1f3,Bf3d4,Bd4b5][%mdl 32]} cxd4 4. Nxd4 e5 5. Nb5 d5 6. cxd5 Bb4+ 7. N1c3 {[#] And now Qa4 would win. A31: Symmetrical English: 2 Nf3 Nf6 3 d4.} Bd7 $146 (7... a6 8. Qa4 Bxc3+ 9. Nxc3+ b5 10. Qc2 $16 (10. Nxb5 O-O $16)) (7... O-O $14) ({Predecessor:} 7... O-O 8. a3 Bc5 9. b4 Bxf2+ 10. Kxf2 a6 11. Nd4 exd4 12. Qxd4 Nc6 13. Qc5 Ne5 14. Bf4 Re8 15. g3 Bf5 16. Bg2 Rc8 17. Qd4 Rc4 18. Qd2 Qb6+ {0-1 (18) Huzman,A (2580)-Christiansen,J (2555) St Petersburg 2018}) 8. a3 $16 {[%cal Ba2a3,Ba3b4,Bb4b5][%mdl 32]} Bxb5 $2 (8... Bf8 $16) 9. axb4 $18 {White has a decisive advantage.} Bc4 {[#]} 10. Bg5 $1 (10. e4 $6 Bxf1 11. Rxf1 (11. Kxf1 Qe7 $16) 11... Nbd7 $16) 10... Nbd7 (10... Qe7 $142 11. Qa4+ b5 12. Bxf6 bxa4 13. Bxe7 Kxe7 14. Rxa4 Nd7) 11. b3 Ba6 12. b5 Rc8 {[#]} 13. Ne4 {[%mdl 512] Hoping for Nd6+. White is clearly winning.} Qb6 {To avoid Nd6+} (13... Bxb5 14. Nd6+) 14. Be3 Qc7 {[#]} (14... Nc5 $142 15. Nxf6+ (15. bxa6 Nfxe4 16. g3 Qb4+ 17. Bd2 Nxd2 $19) 15... Qxf6 16. bxa6 Nxa6 17. Bxa7 O-O) 15. Rc1 $1 Qa5+ 16. Bd2 Rxc1 17. Qxc1 ({Stronger than} 17. Bxa5 Rxd1+ 18. Kxd1 Nxe4 $17) 17... Qd8 18. Nd6+ Kf8 19. bxa6 bxa6 20. e4 Qb8 21. Qc8+ Qxc8 22. Nxc8 Nxe4 23. Bb4+ Ke8 24. Bxa6 Ndf6 25. Ne7 {White took control after the opening.  Weighted Error Value: White=0.18 (very precise) /Black=0.53} 1-0

[Event "15th Lazio Festival 2022"]
[Site "Rome"]
[Date "2022.01.04"]
[Round "4.2"]
[White "Lami, Damiano"]
[Black "Petrov, Marian"]
[Result "1/2-1/2"]
[WhiteElo "2019"]
[BlackElo "2461"]
[Annotator "TA"]
[PlyCount "181"]
[EventDate "2022.01.02"]
[EventType "swiss"]
[EventCountry "ITA"]
[SourceTitle "playchess.com"]
[Source "ChessBase"]
[SourceQuality "1"]

{[%evp 24,181,0,-17,0,0,0,-14,0,-7,0,-3,-7,-26,-9,-20,-13,-19,-14,-8,-21,-12,-12,-31,-8,-13,-9,-15,0,-8,0,-17,-10,-10,-7,-7,0,-20,-15,-24,0,0,0,0,0,0,0,0,0,0,0,-14,-14,-14,0,0,0,-81,-92,-99,0,0,0,0,0,0,0,0,0,0,0,0,0,-12841,-12841,-12841,-12842,-12844,0,-12845,0,0,-28000,-28000,-28000,-28000,-28000,-28000,-28000,-28000,-28000,-28000,-28000,-27998,-27998,-27999,-27999,-27987,-27987,-27988,-27987,-27988,-27985,-27986,-27986,-27987,-27987,-27988,-27988,-27998,-27989,-27990,-27989,-27990,-27984,-27985,-27984,-27985,-27984,-27985,-27985,-27986,-28000,-28000,-28000,-28000,-28000,-28000,-28000,-28000,-28000,-27984,-27984,-27985,-27985,-27986,-28000,-28000,-28000,-28000,-28000,-28000,-28000,-28000,-28000,-28000,-28000,-28000,-28000,-28000,-28000,-28000,-28000,-28000,-28000,-28000,-28000,-28000,-28000,-28000]} 1. e4 {[%cal Be2e4,Be4e5][%mdl 32]} c5 2. d4 cxd4 3. c3 Nf6 4. e5 Nd5 5. Bc4 Nb6 6. Bb3 Nc6 7. Nf3 d5 8. exd6 Qxd6 9. O-O Be6 10. Bxe6 Qxe6 11. Nxd4 Nxd4 12. Qxd4 Rd8 13. Qe3 Qc6 {B22: Sicilian: 2 c3.} 14. Nd2 e6 15. Qf3 Be7 {The position is equal.} 16. Qxc6+ bxc6 17. Nf3 {[#]} c5 $146 ({Predecessor:} 17... f6 18. Nd4 Rd6 19. Re1 Kf7 20. Bf4 e5 21. Nf5 Rd7 22. Nxe7 Rxe7 23. Be3 Na4 {½-½ (58) Favarel,J (2338)-Oparin,G (2654) Chalons en Champagne 2021}) 18. b3 Bf6 19. Be3 Rc8 20. Rac1 Nd5 21. c4 Nxe3 22. fxe3 a5 23. Nd2 Bg5 24. Kf2 f5 25. Ke2 Kd7 26. Rcd1 Kc6 27. Nb1 a4 28. Nc3 axb3 29. axb3 Ra8 30. Rd3 Bf6 31. Rfd1 {Threatens to win with Rd6+.} Bxc3 32. Rxc3 $11 {[%mdl 4096] Endgame KRR-KRR} Rhd8 33. Rcd3 Rxd3 34. Rxd3 {KR-KR} g5 35. Kf3 Kc7 36. e4 Rd8 37. Re3 f4 38. Rc3 Rd2 {aiming for ...Kd6.} 39. e5 h6 {Strongly threatening ...Kb6.} 40. b4 (40. h4 $1 $11) 40... cxb4 $17 41. Rb3 {[#]} Kc6 (41... Rd4 $1 $17 {[%cal Rd4c4]} 42. Rxb4 h5) 42. Rxb4 $11 Kc5 43. Rb7 Kxc4 {And now ...Rd3+ would win.} 44. Rb6 Rd3+ 45. Kg4 Kd5 ({Much worse is} 45... Rd2 $6 46. Kf3 $17) 46. Rd6+ Ke4 47. Rxe6 Rd2 48. Rxh6 $2 {[%mdl 8192]} (48. g3 $11) 48... Rxg2+ $19 49. Kh3 f3 50. e6 g4+ 51. Kh4 {e7 is the strong threat.} Rxh2+ (51... Kf5 $19 52. e7 Rxh2+ 53. Kg3 Rg2+ 54. Kh4 Re2) 52. Kg5 $1 Rxh6 {Black keeps a firm grip on the game.} 53. Kxh6 $11 {KPP-KP. Mate.} f2 54. e7 f1=Q 55. e8=Q+ {KQ-KQ} Kf3 56. Qc6+ Kg3 57. Kg5 Qf4+ 58. Kh5 {[#]} Qf5+ $1 59. Kh6 Kh2 60. Qd6+ g3 61. Qc7 Kh3 62. Qc3 Kh4 63. Qe1 Qf6+ 64. Kh7 Kg4 65. Qe4+ Qf4 66. Qe2+ Qf3 67. Qc4+ Kh3 68. Qe6+ Kh2 69. Qh6+ Kg1 70. Qc1+ Qf1 71. Qe3+ Kh2 72. Qe5 Qf2 73. Kg6 Kh1 74. Qh5+ Kg1 75. Qd1+ Qf1 76. Qd4+ Kh2 77. Qh8+ Qh3 78. Qe5 Qg4+ 79. Kh6 Qf3 80. Kg5 Qf8 81. Kg4 Qg8+ 82. Kf3 Qf7+ 83. Kg4 Qg6+ 84. Kf3 Qf7+ 85. Kg4 Qf2 86. Qh8+ Kg1 87. Qa1+ Kg2 88. Qa8+ Kf1 89. Qa1+ Ke2 90. Qa2+ Kd3 91. Qa3+ {[%mdl 32768] Weighted Error Value: White=0.20 (precise) /Black=0.28 (precise) . An unexpected result.} 1/2-1/2

[Event "15th Lazio Festival 2022"]
[Site "Rome"]
[Date "2022.01.04"]
[Round "4.3"]
[White "Corvi, Marco"]
[Black "D`antonio, Neri"]
[Result "1-0"]
[WhiteElo "2288"]
[BlackElo "2280"]
[Annotator "TA"]
[PlyCount "143"]
[EventDate "2022.01.02"]
[EventType "swiss"]
[EventCountry "ITA"]
[SourceTitle "playchess.com"]
[Source "ChessBase"]
[SourceQuality "1"]

{[%evp 20,143,24,23,30,26,27,6,37,10,6,2,2,5,2,0,0,-2,0,0,0,0,21,27,33,19,27,8,64,75,107,104,100,100,236,241,284,282,286,283,277,247,238,237,237,237,237,237,315,311,272,235,322,304,414,418,400,391,414,341,387,389,443,423,393,400,516,503,1282,1279,1250,1096,1387,1269,1315,0,1184,767,1049,683,506,115,1060,1042,1371,1460,1347,1301,1149,1117,1026,1018,1058,718,29971,29972,29972,29973,29972,29967,29980,29981,29981,29982,29982,29983,29983,29984,29985,29973,29970,29974,29973,29975,29971,29976,29971,29977,29977,29975,29979,29977,29989,29990,29990,29991]} 1. c4 c5 2. Nf3 Nc6 3. e3 Nf6 4. d4 cxd4 5. Nxd4 g6 6. Be2 Bg7 7. O-O O-O 8. Nc3 d6 9. b3 Bd7 10. Bb2 a6 11. Qd2 Re8 {A35: Symmetrical English: 2 Nc3 Nc6 3 Nf3.} 12. Rfd1 Rc8 {[%cal Ba8c8,Bc8c7,Bc7b7][%mdl 32]} 13. Rac1 Qa5 {The position is equal.} 14. Nd5 (14. Nf3 {with more complications.} Bf5 15. Ba1 Nd7 16. h3 Nc5 17. Nd4) 14... Qxd2 15. Nxf6+ Bxf6 16. Rxd2 Kg7 {[#]} 17. g3 $146 ({Predecessor:} 17. Nxc6 Bxb2 18. Rxb2 Rxc6 19. Rd1 Rec8 20. Rbd2 Be6 21. e4 Rc5 22. f3 b5 23. cxb5 axb5 {½-½ (60) Jakovljevic,V (2356)-Cebalo,M (2515) Velika Gorica 2002}) 17... Rc7 18. f4 Nxd4 19. Bxd4 {[%cal Bb2d4,Bd4b6,Bb6a5,Ba5c7][%mdl 32]} b5 20. Bb6 Rb7 (20... Rc6 $5 {[%cal Rc6b6]} 21. Ba5 bxc4 $11) 21. Ba5 {Threatens to win with c5.} bxc4 22. Bxc4 {[%cal Be2c4,Bc4d5,Bd5e4,Be4d3][%mdl 32]} Rc8 {[%cal Ob7b5]} 23. Rdd1 Bb5 (23... Rbb8 $11) 24. Bd5 $14 {[%csl LRb7,LRc8]} Rbb8 {Black is now going downhill.} 25. Bc7 $1 Bb2 26. Rc2 $36 {[%mdl 2048] Keeping Black busy. White is more active.} e6 27. Be4 $18 Rxc7 28. Rxc7 Ba3 29. Bd3 Bc5 30. Kf2 Be8 31. Bxa6 {aiming for Rc8.} Ra8 {[#]} 32. Rxc5 $1 dxc5 {[%mdl 4096] Endgame KRB-KRB} 33. Rd6 Kf6 34. e4 $1 Ke7 35. e5 Bd7 36. Ke3 f6 37. Rb6 fxe5 38. fxe5 Kd8 39. a4 Kc7 40. Rd6 Rf8 41. Bd3 {Prevents Rf5.} Rb8 42. Bc4 Rb4 43. Kd3 Rb6 (43... g5 $142 44. Kc3 Rb6) 44. Rxb6 Kxb6 {KB-KB} 45. h4 h6 46. Ke3 Ka5 47. Kd3 $2 (47. Kd2 $18 Kb4 48. Ke3) 47... Kb4 $2 {[%mdl 8192]} (47... Kb6 $11 48. Kd2 Bc8) 48. Kc2 {Strongly threatening Kd3.} Bc8 49. Kb2 Bd7 50. Kb1 $2 (50. Kc1 $18 {and White stays clearly on top.} Kc3 51. a5) 50... Bc8 $2 {[%mdl 8192]} (50... Bxa4 $2 51. Bxe6 Bc6 52. Kc2 $18) (50... Kc3 $16) 51. Kc1 Kc3 52. a5 {[%cal Ba4a5,Ba5a6,Ba6a7][%mdl 32]} Kd4 53. a6 Kxe5 54. a7 Bb7 {[#]} 55. Kd2 $1 Kd6 56. Ke3 g5 57. hxg5 {White mates.} hxg5 {[#]} 58. Be2 $1 Kc7 59. Bf3 Bxf3 60. Kxf3 {K3P-K3P} Kb7 61. Kg4 Kxa7 62. Kxg5 {KPP-KPP} Kb6 63. Kf6 Kb5 64. g4 Kb4 65. g5 Kxb3 {KPP-KP} 66. g6 c4 67. g7 c3 68. g8=Q c2 69. Qb8+ Ka2 70. Qa7+ Kb3 71. Qa1 Kc4 72. Kxe6 {Weighted Error Value: White=0.50/Black=0.40} 1-0

[Event "15th Lazio Festival 2022"]
[Site "Rome"]
[Date "2022.01.04"]
[Round "4.4"]
[White "Maxion, Dirk"]
[Black "Giri, Andrea"]
[Result "1-0"]
[WhiteElo "2089"]
[BlackElo "1560"]
[Annotator "TA"]
[PlyCount "72"]
[EventDate "2022.01.02"]
[EventType "swiss"]
[EventCountry "ITA"]
[SourceTitle "playchess.com"]
[Source "ChessBase"]
[SourceQuality "1"]

{[%evp 18,72,0,-12,-8,-5,-5,-9,-4,-22,-14,-35,-12,-116,-29,-58,-63,-74,-45,-38,-39,-88,-90,-95,-88,-79,0,-4,0,0,0,0,5,0,0,0,0,-71,-79,-87,-79,-84,0,-31,-32,-13,560,540,624,547,552,541,502,360,662,462,506]} 1. e4 e6 2. d4 d5 3. Nc3 Bb4 4. e5 c5 5. a3 Bxc3+ 6. bxc3 Ne7 7. Nf3 b6 8. Bb5+ Bd7 9. Bd3 Ba4 {9...c4 is the modern continuation.} 10. h4 c4 {C19: French: 3 Nc3 Bb4: Main line: 7 Nf3 and 7 a4.} 11. Be2 h6 12. h5 Kd7 {The position is equal.} 13. Rh4 Qg8 14. Rf4 Nbc6 {[#]} 15. Nh4 $146 (15. Nh2 $11) ({Predecessor:} 15. Kf1 Rf8 16. Nh4 Qh7 17. Ra2 g5 18. hxg6 fxg6 19. Nf3 g5 20. Rxf8 Rxf8 21. Kg1 {1-0 (56) Musaev,R (2351)-Lugovskoy,M (2470) St Petersburg 2015}) 15... Rf8 (15... g5 $17 16. hxg6 fxg6) 16. g3 Qh7 17. Ra2 Kc7 18. Bg4 Nd8 19. Be3 (19. Ng2 $15 {should be considered.}) 19... g5 {[%csl LRf4,LRh4]} 20. hxg6 fxg6 21. Ng2 Nf5 ({Better is} 21... g5 $17 22. Rxf8 Rxf8) 22. Bxf5 $11 exf5 23. Rh4 $1 Qg7 24. Nf4 Qf7 {Hoping for ...g5.} 25. Rh2 g5 26. Nh5 Ne6 {White must now prevent ...f4.} 27. Nf6 {[#]} (27. Qf3 $11) 27... f4 $1 $17 28. Bd2 (28. Nxd5+ $2 Kb8 29. Rb2 (29. gxf4 $2 gxf4 30. Nf6 Qg6 $19) 29... Qb7 $17) 28... fxg3 29. fxg3 {[#]} Qg6 (29... Ng7 $1 $17) 30. Qg4 Rxf6 31. exf6 Bxc2 $2 {[%mdl 8192] [#] A mistake that costs the game.} 32. Rxc2 $1 $18 {[%cal Oh2e2][%mdl 512] Strongly threatening Re2!} h5 (32... Qxf6 33. Rf2) 33. Qe2 {Qe5+ is the strong threat.} Re8 {[#]} 34. f7 $1 {[%mdl 512]} Qxf7 {[%cal Oe6d4]} 35. Be3 Qg7 $2 (35... h4 36. Qg4 hxg3) 36. Rc1 Qf7 {Weighted Error Value: White=0.34/Black=0.62} 1-0

[Event "15th Lazio Festival 2022"]
[Site "Rome"]
[Date "2022.01.04"]
[Round "4.5"]
[White "Pastore, Cosmas"]
[Black "Di Maulo, Alessandra"]
[Result "0-1"]
[WhiteElo "1807"]
[BlackElo "1810"]
[Annotator "NA RC"]
[PlyCount "84"]
[EventDate "2022.01.02"]
[EventType "swiss"]
[EventCountry "ITA"]
[SourceTitle "playchess.com"]
[Source "ChessBase"]
[SourceQuality "1"]
[TimeControl "5400+30"]

1. e4 {[%emt 0:08:56]} e5 {[%emt 0:00:07]} 2. Bc4 {[%emt 0:00:09]} Nf6 {[%emt 0:00:24]} 3. d3 {[%emt 0:00:22]} Bc5 {[%emt 0:02:13]} 4. Nc3 {[%emt 0:00:36]} d6 {[%emt 0:02:03]} 5. Nf3 {[%emt 0:01:02]} h6 {[%emt 0:00:11]} 6. h3 {[%emt 0:00:07]} Nc6 {[%emt 0:00:32]} 7. O-O {[%emt 0:00:35]} O-O {[%emt 0:00:06]} 8. Ne2 {[%emt 0:03:41]} Be6 $11 {[%emt 0:08:31]} 9. Ng3 {[%emt 0:04:27]} Bxc4 {[%emt 0:10:52]} 10. dxc4 {[%emt 0:00:28]} Ne7 {[%emt 0:02:20]} 11. Nh4 {[%emt 0:08:17]} Kh7 {[%emt 0:15:23]} 12. Be3 {[%emt 0:08:20]} Bb6 {[%emt 0:06:59]} 13. Qd2 {[%emt 0:16:26]} Qd7 {[%emt 0:11:38]} 14. Rae1 {[%emt 0:10:17]} Ng6 {[%emt 0:00:48]} 15. Nxg6 {[%emt 0:02:07]} fxg6 {[%emt 0:01:54]} 16. c3 {[%emt 0:04:39]} Qe6 {[%emt 0:04:42]} 17. b3 {[%emt 0:01:19]} Rae8 {[%emt 0:04:08]} 18. Rd1 {[%emt 0:07:35]} Rd8 {[%emt 0:08:43]} 19. Qe2 {[%emt 0:00:57]} Nd7 {[%emt 0:01:36]} 20. Rd2 {[%emt 0:01:15]} Qf7 {[%emt 0:05:02]} 21. Rfd1 {[%emt 0:00:49]} Bxe3 {[%emt 0:04:13]} 22. Qxe3 {[%emt 0:00:32]} a6 {[%emt 0:00:03]} 23. f3 {[%emt 0:02:21]} Nc5 {[%emt 0:01:10]} 24. Ne2 {[%emt 0:01:35]} Ne6 {[%emt 0:01:00]} 25. b4 {[%emt 0:02:08]} Qf6 {[%emt 0:08:22]} 26. a4 {[%emt 0:02:21]} Ra8 {[%emt 0:00:00]} 27. c5 {[%emt 0:00:50]} dxc5 {[%emt 0:00:00]} 28. bxc5 {[%emt 0:00:13]} Rad8 {[%emt 0:00:00]} 29. Rd5 {[%emt 0:00:35]} c6 {[%emt 0:00:16]} 30. Rd6 {[%emt 0:00:32]} Qe7 {[%emt 0:00:04]} 31. a5 {[%emt 0:02:05]} Qc7 {[%emt 0:00:46]} 32. Rb1 {[%emt 0:03:38]} Rfe8 {[%emt 0:01:42]} 33. Rb6 {[%emt 0:02:29]} Re7 {[%emt 0:00:35]} 34. Rxd8 {[%emt 0:04:02]} Qxd8 {[%emt 0:00:01]} 35. Kf2 {[%emt 0:00:33]} Rd7 {[%emt 0:00:07]} 36. Rb3 {[%emt 0:01:40]} Rd3 {[%emt 0:00:18]} 37. Qc1 {[%emt 0:00:11]} Nxc5 {[%emt 0:00:06]} 38. Rb6 {[%emt 0:00:23]} Rd2 {[%emt 0:01:11]} 39. Qa3 {[%emt 0:00:11]} Qd3 {[%emt 0:00:22]} 40. Qxc5 {[%emt 0:00:18]} Qxe2+ {[%emt 0:00:06]} 41. Kg3 {[%emt 0:00:18]} Qxg2+ {[%emt 0:00:04]} 42. Kh4 {[%emt 0:00:08]} Qg5# {[%emt 0:00:05]} 0-1

[Event "15th Lazio Festival 2022"]
[Site "Rome"]
[Date "2022.01.04"]
[Round "4.6"]
[White "Brozzi, Danilo"]
[Black "Silici, Renato"]
[Result "1/2-1/2"]
[WhiteElo "1728"]
[BlackElo "1727"]
[Annotator "NA RC"]
[PlyCount "80"]
[EventDate "2022.01.02"]
[EventType "swiss"]
[EventCountry "ITA"]
[SourceTitle "playchess.com"]
[Source "ChessBase"]
[SourceQuality "1"]
[TimeControl "5400+30"]

1. d4 {[%emt 1:31:00]} Nf6 2. c4 c5 3. d5 e6 4. Nc3 exd5 5. cxd5 d6 6. g3 g6 7. Bg2 Bg7 8. Nf3 O-O 9. O-O Re8 10. Re1 {[%emt 0:04:30]} a6 {[%emt 1:35:30]} 11. e4 {[%emt 0:00:30]} Bg4 {[%emt 0:00:30]} 12. h3 {[%emt 0:00:30]} Bxf3 {[%emt 0:00:30]} 13. Qxf3 {[%emt 0:00:30]} Nbd7 {[%emt 0:00:30]} 14. Qe2 {[%emt 0:00:30]} b5 {[%emt 0:00:30]} 15. Qf1 {[%emt 0:00:30]} c4 {[%emt 0:00:30]} 16. a4 {[%emt 0:00:30]} b4 {[%emt 0:00:30]} 17. Na2 {[%emt 0:00:30]} b3 {[%emt 0:00:30]} 18. Nb4 {[%emt 0:00:30]} Ne5 {[%emt 0:00:30]} 19. a5 {[%emt 0:00:30]} Qc7 {[%emt 0:00:30]} 20. Bd2 {[%emt 0:00:30]} Qc5 {[%emt 0:00:30]} 21. Bc3 {[%emt 0:00:30]} Nfd7 {[%emt 0:00:30]} 22. Kh2 {[%emt 0:00:30]} g5 {[%emt 0:00:30]} 23. f4 {[%emt 0:00:30]} gxf4 {[%emt 0:00:30]} 24. gxf4 {[%emt 0:00:30]} Ng6 {[%emt 0:00:30]} 25. Nc6 {[%emt 0:00:30]} Bh6 {[%emt 0:00:30]} 26. f5 {[%emt 0:00:30]} Nge5 {[%emt 0:00:30]} 27. Bb4 {[%emt 0:00:30]} Qb5 {[%emt 0:00:30]} 28. Bxd6 {[%emt 0:00:30]} Nxc6 {[%emt 0:00:30]} 29. dxc6 {[%emt 0:00:30]} Ne5 {[%emt 0:00:30]} 30. Qf2 {[%emt 0:00:30]} f6 {[%emt 0:00:30]} 31. Qg3+ {[%emt 0:00:30]} Kf7 {[%emt 0:00:30]} 32. Qh4 {[%emt 0:00:30]} Bg7 {[%emt 0:00:30]} 33. Qh5+ {[%emt 0:00:30]} Kg8 {[%emt 0:00:30]} 34. Qe2 {[%emt 0:00:30]} Qxc6 {[%emt 0:00:30]} 35. Bxe5 {[%emt 0:00:30]} Rxe5 {[%emt 0:00:30]} 36. Rec1 {[%emt 0:00:30]} Rc8 {[%emt 0:00:30]} 37. Rc3 {[%emt 0:00:30]} Qc7 {[%emt 0:00:30]} 38. Kh1 {[%emt 0:00:30]} Rxa5 {[%emt 0:00:30]} 39. Rac1 {[%emt 0:00:30]} Rc5 {[%emt 0:00:30]} 40. Bf1 {[%emt 0:00:30]} Qe5 {[%emt 0:00:30]} 1/2-1/2

[Event "15th Lazio Festival 2022"]
[Site "Rome"]
[Date "2022.01.05"]
[Round "5.1"]
[White "Corvi, Marco"]
[Black "Aghayev, Miragha"]
[Result "1/2-1/2"]
[WhiteElo "2288"]
[BlackElo "2393"]
[Annotator "TA"]
[PlyCount "41"]
[EventDate "2022.01.02"]
[EventType "swiss"]
[EventCountry "ITA"]
[SourceTitle "playchess.com"]
[Source "ChessBase"]
[SourceQuality "1"]

{[%evp 20,21,0,-5]} 1. c4 Nf6 2. Nf3 e6 3. d4 d5 4. cxd5 exd5 5. Nc3 c6 6. Bg5 Be7 7. Qc2 g6 8. e3 Bf5 9. Bd3 Bxd3 10. Qxd3 O-O 11. O-O {[#] 11.Bxf6 is the modern continuation.} {Predecessor:} Nbd7 $146 {D36: Queen's Gambit Declined: Exchange Variation: Main line (5 Bg5 c6 6 Qc2).} 12. h3 Re8 13. Bf4 a5 14. Qc2 Nb6 15. Rfe1 Ne4 16. Nxe4 dxe4 17. Nd2 f5 18. a3 a4 19. Bh2 Qd5 20. Rac1 Rec8 21. Nb1 {0-1 (68) Leitao,R (2649)-Shirov,A (2709) Tromsoe 2014} 1/2-1/2

[Event "15th Lazio Festival 2022"]
[Site "Rome"]
[Date "2022.01.05"]
[Round "5.2"]
[White "Maione, Melissa"]
[Black "Maxion, Dirk"]
[Result "1-0"]
[WhiteElo "1866"]
[BlackElo "2089"]
[Annotator "NA"]
[PlyCount "75"]
[EventDate "2022.01.02"]
[EventType "swiss"]
[EventCountry "ITA"]
[SourceTitle "playchess.com"]
[Source "ChessBase"]
[SourceQuality "1"]
[TimeControl "5400+30"]

1. e4 {[%emt 0:00:01]} c5 {[%emt 0:00:12]} 2. Nf3 {[%emt 0:00:08]} d6 {[%emt 0:01:09]} 3. d4 {[%emt 0:00:12]} cxd4 {[%emt 0:00:09]} 4. Nxd4 {[%emt 0:00:17]} Nf6 {[%emt 0:00:19]} 5. Nc3 {[%emt 0:00:26]} a6 {[%emt 0:02:46]} 6. Bg5 {[%emt 0:01:13]} e6 {[%emt 0:00:12]} 7. Qf3 {[%emt 0:04:05]} Be7 {[%emt 0:01:41]} 8. Qg3 {[%emt 0:04:00]} Qc7 {[%emt 0:06:49]} 9. O-O-O {[%emt 0:01:29]} Nbd7 {[%emt 0:01:57]} 10. f4 {[%emt 0:04:27]} h6 {[%emt 0:05:28]} 11. Bxf6 {[%emt 0:03:00]} Bxf6 {[%emt 0:04:58]} 12. f5 {[%emt 0:03:17]} Ne5 {[%emt 0:03:29]} 13. Be2 {[%emt 0:02:17] [#]} O-O $1 {[%emt 0:00:39]} 14. h4 {[%emt 0:03:09]} Bd7 {[%emt 0:00:43]} 15. Qh3 {[%emt 0:01:28]} b5 {[%emt 0:03:00]} 16. a3 {[%emt 0:02:55]} (16. g4 $11 {remains equal.}) 16... Rab8 {[%emt 0:02:27]} (16... Nc4 $17 17. fxe6 fxe6) 17. g4 {[%emt 0:01:35]} ({White should try} 17. fxe6 $15 fxe6 18. Nxe6) 17... b4 {[%emt 0:00:43]} ({Black should play} 17... Nc4 18. g5 Be5 19. gxh6 Nxb2 20. hxg7 (20. Kxb2 $2 b4 $19) 20... Rfc8 21. fxe6 (21. Kxb2 $2 b4 $19) 21... Bxe6 22. Nxe6 Qxc3 23. Qxc3 Rxc3 24. Kxb2 fxe6) 18. axb4 {[%emt 0:06:05] [#]} Rxb4 $2 {[%emt 0:00:16]} (18... Nc6 $1 $17 {[%cal Rc6d4] keeps the pressure on.} 19. Nxc6 Qxc6) 19. Na2 $17 {[%emt 0:00:10]} (19. g5 $1 $16 {[%cal Rg5f6] and life is bright.} Qb6 20. gxf6 Rxd4 21. h5 Rxd1+ 22. Rxd1) 19... Rb6 {[%emt 0:17:00]} 20. g5 {[%emt 0:05:34]} hxg5 {[%emt 0:00:46]} 21. hxg5 {[%emt 0:03:08]} Bxg5+ {[%emt 0:00:13]} 22. Kb1 {[%emt 0:00:04]} Bh6 {[%emt 0:02:37]} 23. Rdg1 {[%emt 0:00:09]} Rfb8 {[%emt 0:01:49]} 24. b3 {[%emt 0:01:25]} Kf8 {[%emt 0:04:25]} 25. fxe6 {[%emt 0:01:25]} Bc8 {[%emt 0:01:03]} 26. Qg2 {[%emt 0:01:52]} Ng6 {[%emt 0:06:42]} 27. exf7 {[%emt 0:02:48]} Nf4 {[%emt 0:00:41]} 28. Qf1 {[%emt 0:00:15]} Qxf7 {[%emt 0:00:31]} 29. Bc4 {[%emt 0:00:35]} d5 {[%emt 0:02:45]} 30. exd5 {[%emt 0:00:38]} Rd6 {[%emt 0:03:18]} 31. Nc3 {[%emt 0:11:43]} Rg6 {[%emt 0:00:54]} 32. Rxg6 {[%emt 0:02:30]} Qxg6 {[%emt 0:02:35]} 33. Nc6 {[%emt 0:01:30]} Rb7 {[%emt 0:01:48]} 34. Qf2 {[%emt 0:02:49]} Bf5 {[%emt 0:07:03]} 35. Qc5+ {[%emt 0:00:36]} Kg8 {[%emt 0:00:11]} 36. d6+ {[%emt 0:02:11]} Kh8 {[%emt 0:00:06]} 37. d7 {[%emt 0:00:58]} Bxc2+ {[%emt 0:01:51]} 38. Ka1 {[%emt 0:00:08]} 1-0